Machine learning algorithm for formation properties prediction based on well log data; Проблемы геологии и освоения недр; Т. 2

Podrobná bibliografie
Parent link:Проблемы геологии и освоения недр=Problems of Geology and Subsurface Development: труды XXIV Международного симпозиума имени академика М. А. Усова студентов и молодых учёных, посвященного 75-летию Победы в Великой Отечественной войне, Томск, 6-10 апреля 2020 г./ Национальный исследовательский Томский политехнический университет, Инженерная школа природных ресурсов ; гл. ред. А. С. Боев ; под ред. Е. Ю. Пасечник.— , 2020
Т. 2.— 2020.— [С. 663-664]
Hlavní autor: Kanaev I. S.
Korporativní autor: Национальный исследовательский Томский политехнический университет Инженерная школа природных ресурсов Отделение нефтегазового дела
Další autoři: Chernova O. S. Oksana Sergeevna (научный руководитель)
Shrnutí:Заглавие с экрана
Jazyk:angličtina
Vydáno: 2020
Edice:Геология, горное и нефтегазовое дело (доклады на английском и немецком языках)
Témata:
On-line přístup:http://earchive.tpu.ru/handle/11683/62879
Médium: MixedMaterials Elektronický zdroj Kapitola
KOHA link:https://koha.lib.tpu.ru/cgi-bin/koha/opac-detail.pl?biblionumber=631737

MARC

LEADER 00000naa2a2200000 4500
001 631737
005 20231101133657.0
035 |a (RuTPU)RU\TPU\conf\33438 
035 |a RU\TPU\conf\33437 
090 |a 631737 
100 |a 20200916d2020 k y0rusy50 ba 
101 0 |a eng 
102 |a RU 
105 |a y z 100zy 
135 |a drcn ---uucaa 
181 0 |a i  
182 0 |a b 
200 1 |a Machine learning algorithm for formation properties prediction based on well log data  |f I. S. Kanaev  |g sci. adv. O. S. Chernova 
203 |a Текст  |c электронный 
225 1 |a Геология, горное и нефтегазовое дело (доклады на английском и немецком языках) 
230 |a 1 компьютерный файл (pdf; 1 236 Kb) 
300 |a Заглавие с экрана 
320 |a [Библиогр.: с. 664 (4 назв.)] 
461 1 |0 (RuTPU)RU\TPU\conf\32983  |t Проблемы геологии и освоения недр  |l Problems of Geology and Subsurface Development  |o труды XXIV Международного симпозиума имени академика М. А. Усова студентов и молодых учёных, посвященного 75-летию Победы в Великой Отечественной войне, Томск, 6-10 апреля 2020 г.  |o в 2 т.  |f Национальный исследовательский Томский политехнический университет, Инженерная школа природных ресурсов ; гл. ред. А. С. Боев ; под ред. Е. Ю. Пасечник  |d 2020 
463 1 |0 (RuTPU)RU\TPU\conf\32985  |t Т. 2  |v [С. 663-664]  |d 2020 
610 1 |a труды учёных ТПУ 
610 1 |a электронный ресурс 
610 1 |a алгоритмы обучения 
610 1 |a машинное обучение 
610 1 |a прогнозирование 
610 1 |a пласты 
610 1 |a ГИС 
610 1 |a нейронные сети 
610 1 |a визуализация 
610 1 |a скважины 
700 1 |a Kanaev  |b I. S. 
702 1 |a Chernova  |b O. S.  |c geologist  |c Associate Professor of Tomsk Polytechnic University, Candidate of geological and mineralogical sciences  |f 1967-  |g Oksana Sergeevna  |2 stltpush  |4 727 
712 0 2 |a Национальный исследовательский Томский политехнический университет  |b Инженерная школа природных ресурсов  |b Отделение нефтегазового дела  |h 8084  |2 stltpush  |3 (RuTPU)RU\TPU\col\23546 
801 2 |a RU  |b 63413507  |c 20200925  |g RCR 
856 4 |u http://earchive.tpu.ru/handle/11683/62879 
942 |c BK